Element Mash-Up Puzzle: Capital Cities - Statistics

General Stats
  • This quiz has been taken 262 times
  • The average score is 12 of 20
Answer Stats
Hint Answer % Correct
Potassium, Manganese, Silicon K, Mn, Si
79%
Lithium, Titanium, Sulfur, Bismuth Li, Ti, S, Bi
78%
Radium, Sulfur, Calcium, Actinium Ra, S, Ca, Ac
78%
Arsenic, Vanadium, Uranium V, As, U
78%
Minsk
77%
Lead, Neon, Molybdenum, Aluminum Pb, Ne, Mo, Al,
74%
Suva
72%
Caracas
68%
Plutonium, Germanium, Radium Pu, Ge, Ra
67%
Niobium, Argon, Calcium, Erbium Nb, Ar, Ca, Er
65%
Polonium, Lawrencium, Iodine, Titanium Po, Lr, I, Ti
65%
Tbilisi
65%
Gold, Antimony, Silicon Au, Sb, Si
61%
Gallium, Indium, Phosphorus, Osmium, Rhenium Ga, In, P, Os, Re
59%
Tripoli
54%
Bissau
42%
Canberra
41%
Prague
40%
Singapore
33%
Belmopan
30%
No matching quizzes found
Score Distribution
Percent of People with Each Score
Percentile by Number Answered
Your Score History
You have not taken this quiz